[Event "Groningen op"]
[Site "Groningen"]
[Date "1995.??.??"]
[Round "?"]
[White "Gyimesi, Zoltan"]
[Black "Visser, Yge"]
[Result "1-0"]
[WhiteElo "2525"]
[BlackElo "2370"]

1.d4 Nf6 2.c4 g6 3.Nc3 Bg7 4.e4 d6 5.Nf3 O-O 6.Be2 Na6 7.O-O e5 8.Re1 c6
9.Bf1 Bg4 10.Be3 Nh5 11.Be2 Nf4 12.Bxf4 exf4 13.Nd2 Bxe2 14.Nxe2 Qb6 15.Nb3 f3
16.gxf3 Rae8 17.Qd2 Qd8 18.Ng3 Nc7 19.Rad1 Qh4 20.d5 c5 21.Na5 Be5 22.b3 Rb8
23.a3 Ne8 24.b4 Nf6 25.bxc5 dxc5 26.Rb1 Nh5 27.Nxb7 Nf4 28.Kh1 Qh3 29.Rg1 Qd7
30.Nxc5 Qh3 31.Rb4 Bd6 32.Na6 Rxb4 33.axb4 f5 34.Nc5 Bxc5 35.bxc5 fxe4 36.fxe4 Nd3
37.Rg2 Nf4 38.f3 Nxg2 39.Qxg2 Qh6 40.c6 Qc1+ 41.Qf1 Qc3 42.Kg2 Rb8 43.Kh3 a5
44.c7 Rf8 45.d6 Qd2 46.c5 a4 47.Qe2 Qh6+ 48.Kg2 Qf4 49.e5 a3 50.d7  1-0

[Event "Groningen op"]
[Site "Groningen"]
[Date "1995.??.??"]
[Round "?"]
[White "Peng, Zhaoqin"]
[Black "Wiersma, Eelke"]
[Result "1-0"]
[WhiteElo "2355"]
[BlackElo "2280"]

1.d4 Nf6 2.c4 g6 3.Nc3 Bg7 4.e4 d6 5.Nf3 O-O 6.Be2 Na6 7.O-O e5 8.Be3 Ng4
9.Bg5 Qe8 10.Re1 c6 11.dxe5 h6 12.Bf6 Bxf6 13.exf6 Qe6 14.Qd2 Kh7 15.Rad1 Rd8
16.h3 Nxf6 17.e5 Ne8 18.Ne4  1-0

[Event "Groningen op"]
[Site "Groningen"]
[Date "1995.??.??"]
[Round "?"]
[White "Shipov, Sergei"]
[Black "Tratar, Marko"]
[Result "1/2-1/2"]
[WhiteElo "2510"]
[BlackElo "2405"]

1.d4 Nf6 2.c4 g6 3.Nc3 Bg7 4.e4 d6 5.Nf3 O-O 6.Be2 e5 7.Be3 c6 8.d5 Ng4 9.Bg5 f6
10.Bh4 Na6 11.Nd2 Nh6 12.O-O Nf7 13.a3 h5 14.f3 c5 15.Bd3 Bh6 16.Qe2 Bd7
17.Bc2 Bg5 18.Bxg5 fxg5 19.Ba4 Bxa4 20.Nxa4 b6 21.Nc3 Nb8 22.b4 Nd7 23.Nb3 Qc8
24.Ra2 Kg7 25.g3 Rb8 26.Kg2 Rb7 27.Rc2 Qc7 28.Nc1 Rc8 29.Nd3 Qd8 30.Nd1 Rbc7
31.Ne3 Qe7 32.Rb1 Rf8 33.Nf2 Nh6 34.Ned1 Rfc8 35.Ne3 Rf8 36.Nd3 Nf7 37.Nd1 Rfc8
38.N1f2 Nd8 39.Rbc1 Nb7 40.Qe3 Nd8 41.Ra2 Nf7 42.b5 a5 43.bxa6 Ra7 44.Nd1 Rxa6
45.Nc3 Rca8 46.a4 Rf8 47.Rf1 Raa8 48.Raf2 Nf6 49.Qd2 h4 50.g4 Nd7 51.Ra1 Ra5
52.Nb5 Nf6 53.Nc1 Rfa8 54.Qd1 Qd8 55.Rfa2 Nd7 56.Qd2 R5a6 57.Nb3 Nf8 58.Qc3 Nd7
59.Ra3 Nf6 60.R1a2 Ne8 61.Qb2 Qf6 62.Nc1 Qd8 63.Nd3 Kg8 64.Qa1 Nf6 65.Rb2 Kh7
66.Nc3 Nd7 67.Rb5 R8a7 68.Qd1 Kg7 69.Nc1 Qf6 70.Ra2 Qd8 71.Nb3 Kh7 72.Rb2 Kg7
73.Qd2 Qf6 74.Qe2 Qd8  1/2-1/2

[Event "Groningen op"]
[Site "Groningen"]
[Date "1995.??.??"]
[Round "?"]
[White "Kadimova, Ilaha"]
[Black "Oosterom, Erik"]
[Result "1-0"]
[WhiteElo "2305"]
[BlackElo "2205"]

1.d4 Nf6 2.c4 g6 3.Nc3 Bg7 4.e4 d6 5.Be2 O-O 6.Nf3 e5 7.Be3 Ng4 8.Bg5 f6
9.Bh4 h5 10.h3 g5 11.hxg4 hxg4 12.Bg3 gxf3 13.Bxf3 c6 14.d5 f5 15.exf5 e4
16.Bxe4 Re8 17.Qc2  1-0

[Event "Groningen op"]
[Site "Groningen"]
[Date "1995.??.??"]
[Round "?"]
[White "Berezin, Oleg"]
[Black "David, Alberto"]
[Result "1-0"]
[WhiteElo "2265"]
[BlackElo "2465"]

1.d4 Nf6 2.c4 g6 3.Nc3 Bg7 4.e4 O-O 5.Be2 d6 6.Nf3 e5 7.Be3 Ng4 8.Bg5 f6
9.Bh4 c6 10.h3 Nh6 11.O-O Na6 12.Qd2 Nc7 13.Rad1 Nf7 14.Qc2 Qe8 15.c5 dxc5
16.dxc5 Ne6 17.b4 Kh8 18.Bc4 f5 19.exf5 gxf5 20.Rfe1 b5 21.cxb6 axb6 22.b5 e4
23.Nxe4 fxe4 24.Qxe4 Ra4 25.Qe2 Bc3 26.Bxe6 Bxe1 27.Qb2+ Kg8 28.Bxc8 Qxc8
29.Rxe1 c5 30.Be7 Re8 31.Qf6 Qc7 32.Re3 Qf4 33.Qc6 Rea8 34.Nh4 Nh8 35.Rg3+ Kf7  1-0

[Event "Groningen op"]
[Site "Groningen"]
[Date "1995.??.??"]
[Round "?"]
[White "Nikitin, Andrey"]
[Black "Reschke, Stefan"]
[Result "1-0"]
[WhiteElo "2290"]
[BlackElo "2380"]

1.d4 Nf6 2.c4 g6 3.Nc3 Bg7 4.e4 d6 5.Nf3 O-O 6.Be2 e5 7.O-O Na6 8.Be3 c6
9.dxe5 dxe5 10.a3 Ng4 11.Bg5 f6 12.Bd2 Qe7 13.h3 Nh6 14.b4 Be6 15.Be3 Nf7
16.Qc2 f5 17.Rad1 f4 18.Bc1 h5 19.c5 Nc7 20.Nd2 Bf6 21.Bb2 Kg7 22.f3 Bh4
23.Nc4 Ne8 24.Rd2 Rd8 25.Rfd1 Rxd2 26.Qxd2 Qg5 27.Kh1 Bf2 28.Bf1 Bd4 29.Na4 Bxb2
30.Naxb2 Nf6 31.Qc3 Qg3 32.Qe1 Qxe1 33.Rxe1 g5 34.Na5 Bc8 35.Bc4 g4 36.Bxf7 Kxf7
37.Nbc4 gxh3 38.gxh3 Rd8 39.Nd6+ Kf8 40.Rg1 Bxh3 41.Naxb7 Rd7 42.Na5 Ne8
43.Nxe8 Kxe8 44.Nxc6 Rd3 45.Rg8+  1-0

[Event "Groningen op"]
[Site "Groningen"]
[Date "1995.??.??"]
[Round "?"]
[White "Gyimesi, Zoltan"]
[Black "Hendriks, Willy"]
[Result "1-0"]
[WhiteElo "2525"]
[BlackElo "2395"]

1.d4 Nf6 2.c4 g6 3.Nc3 Bg7 4.e4 d6 5.Nf3 O-O 6.Be2 Nbd7 7.O-O e5 8.Re1 exd4
9.Nxd4 Nc5 10.f3 c6 11.Be3 a5 12.Qd2 a4 13.b4 axb3 14.axb3 Rxa1 15.Rxa1 Re8
16.b4 Ne6 17.Rd1 Nxd4 18.Bxd4 Be6 19.Bf2 Nd7 20.Na4 Qa8 21.Nb6 Nxb6 22.Bxb6 Qa4
23.Qxd6 Bf8 24.Qe5 Bg7 25.Qd6 Bf8 26.Qd3 Qxb4 27.Rb1 Bxc4 28.Qc2 Qxb1+ 29.Qxb1 Bxe2
30.Kf2 Bc4 31.Qc1 Be6 32.Bd4 Ra8 33.Qg5 Bg7 34.Bxg7 Kxg7 35.Qe5+ Kg8 36.f4 Ra2+
37.Kg3 b5 38.Qd6 Rc2 39.h4 Rc3+ 40.Kh2 Rc4 41.h5 gxh5 42.Qb8+ Kg7 43.Qe5+ Kf8
44.f5 Ke7 45.fxe6 fxe6 46.Kg3 b4 47.Kf4 b3 48.Qb8  1-0

[Event "Wch U16"]
[Site "Guarapuava"]
[Date "1995.??.??"]
[Round "1"]
[White "Naumann, Alexander"]
[Black "Kerek, Csaba"]
[Result "1-0"]
[WhiteElo "2360"]
[BlackElo "2100"]

1.d4 Nf6 2.c4 g6 3.Nc3 Bg7 4.Nf3 O-O 5.e4 d6 6.Be2 e5 7.d5 Nbd7 8.Be3 h6
9.Nd2 Ne8 10.g4 a5 11.h4 f5 12.exf5 gxf5 13.gxf5 Nc5 14.Nde4 Nxe4 15.Nxe4 Bxf5
16.Ng3 Bg6 17.Qd2 Qf6 18.O-O-O c6 19.Bd3 Rc8 20.Kb1 b5 21.Bxg6 Qxg6+ 22.Ka1 bxc4
23.dxc6 a4 24.a3 Kh8 25.Rhg1 Rxc6 26.h5 Qe6 27.Ne4 Nc7 28.Rg6 c3 29.Nxc3 Rf6
30.Rdg1 Ne8 31.Bxh6 Rxg6 32.Rxg6 Qf7 33.Bxg7+ Nxg7 34.Qh6+ Kg8 35.Qg5 Kf8
36.Rf6  1-0

[Event "Wch U18"]
[Site "Guarapuava"]
[Date "1995.??.??"]
[Round "2"]
[White "Valenzuela, Luis"]
[Black "Krakops, Maris"]
[Result "1-0"]
[WhiteElo "2340"]
[BlackElo "2525"]

1.d4 Nf6 2.c4 g6 3.Nc3 Bg7 4.e4 d6 5.Nf3 O-O 6.Be2 e5 7.d5 a5 8.Bg5 h6 9.Bh4 Na6
10.Nd2 Qe8 11.O-O Nh7 12.Kh1 h5 13.f3 Bh6 14.a3 Bd7 15.b3 Be3 16.Rb1 Bc5
17.Qc1 Kh8 18.Na2 f5 19.b4 axb4 20.axb4 Be3 21.Qc3 f4 22.Bf2 Bxf2 23.Rxf2 b6
24.Nc1 g5 25.Nd3 Qe7 26.c5 b5 27.c6 Bc8 28.Ra1 Nf6 29.Nxe5 dxe5 30.Bxb5 g4
31.Nc4 g3 32.Nxe5 Kh7 33.Rd2 Nxd5 34.exd5  1-0

[Event "Wch U18 Girls"]
[Site "Guarapuava"]
[Date "1995.??.??"]
[Round "2"]
[White "Lomineishvili, Maia"]
[Black "Fierro Baquero, Martha Lorena"]
[Result "0-1"]
[WhiteElo "2295"]
[BlackElo "2115"]

1.d4 Nf6 2.c4 g6 3.Nc3 Bg7 4.e4 d6 5.Be2 O-O 6.Nf3 e5 7.Be3 Ng4 8.Bg5 f6
9.Bh4 g5 10.Bg3 Nc6 11.d5 Ne7 12.h4 Ng6 13.Qd2 Nf4 14.O-O-O Bd7 15.Bf1 a6
16.hxg5 fxg5 17.Ne1 b5 18.f3 Nh6 19.Bf2 Nf7 20.g3 Ng6 21.c5 dxc5 22.Bxc5 Nd6
23.Bh3 Bxh3 24.Rxh3 Qd7 25.Qg2 a5 26.b3 b4 27.Na4 g4 28.Rh2 gxf3 29.Nxf3 Qg4
30.Nd2 Rf6 31.Rdh1 h6 32.Bxd6 cxd6 33.Nb6 Rb8 34.Nbc4 a4 35.Qh3 Qxh3 36.Rxh3 axb3
37.axb3 Nh8 38.Ne3 Nf7 39.Nf5 Kf8 40.g4 Rg6 41.Rf3 Ke8 42.Nc4 Rd8 43.Kc2 Rxg4
44.Ra1 Bf8 45.Kd3 Ng5 46.Re3 Rf4 47.Ng3 Kf7 48.Ra7+ Kg6 49.Ra6 Nf7 50.Nf5 h5
51.Na5 h4 52.Nc6 Rd7 53.Ra8 Bh6 54.Rh3 Kh5 55.Rf8 Ng5 56.Rh1 Nxe4  0-1

[Event "Wch U18"]
[Site "Guarapuava"]
[Date "1995.??.??"]
[Round "5"]
[White "Vescovi, Giovanni"]
[Black "Kempinski, Robert"]
[Result "0-1"]
[WhiteElo "2465"]
[BlackElo "2455"]

1.d4 Nf6 2.c4 g6 3.Nc3 Bg7 4.e4 d6 5.Nf3 O-O 6.Be2 Na6 7.O-O e5 8.d5 Nc5
9.Qc2 a5 10.Bg5 h6 11.Be3 b6 12.Nd2 Bg4 13.f3 Bd7 14.b3 Nh5 15.Rfc1 Nf4 16.Bf1 h5
17.Kh1 h4 18.a3 Na6 19.Qb2 f5 20.b4 h3 21.g3 Nh5 22.Bf2 fxe4 23.Ncxe4 Nf6
24.Be2 Bh6 25.Rf1 Bxd2 26.Nxd2 e4 27.Rac1 exf3 28.Bxf3 Bf5 29.Bd4 axb4 30.axb4 Nb8
31.Bd1 Nbd7 32.Bc2 Ng4 33.Bxf5 Rxf5 34.Qc2 Qf8 35.Qe4 Nde5 36.Qb1 Qf7 37.Kg1 Ra3
38.Rxf5 Qxf5 39.Qxf5 gxf5 40.Re1 Rd3 41.Bxe5 Nxe5 42.Nf1 Rc3 43.Kf2 Rxc4
44.Ne3 Ng4+ 45.Nxg4 Rxg4 46.Ke3 Kg7 47.Kd3 Rxb4 48.Rc1 Kf6 49.Rxc7 Ke5 50.Kc3 Ra4
51.Rb7 Ra2  0-1

[Event "Wch U16"]
[Site "Guarapuava"]
[Date "1995.??.??"]
[Round "5"]
[White "Naumann, Alexander"]
[Black "Bakhtadze, Giorgi"]
[Result "1/2-1/2"]
[WhiteElo "2360"]
[BlackElo "2275"]

1.d4 Nf6 2.c4 g6 3.Nc3 Bg7 4.e4 d6 5.Nf3 O-O 6.Be2 e5 7.d5 a5 8.h3 Nh5 9.Ng1 Nf4
10.Bf3 Na6 11.g3 Nh5 12.Bxh5 gxh5 13.Qxh5 Nc5 14.Qe2 f5 15.Be3 Nxe4 16.Nxe4 fxe4
17.Qd2 Qf6 18.O-O-O Bd7 19.Ne2 b5 20.g4 bxc4 21.Ng3 a4 22.a3 Rab8 23.Nxe4 Qg6
24.Qc2 Rb7 25.Nc3 Rfb8 26.Qxg6 hxg6 27.Rd2 e4 28.Bd4 Bxd4 29.Rxd4 Rxb2 30.Rxe4 Rxf2
31.Rxc4 Rb3 32.Rxc7 Rxa3 33.Nb1 Raa2 34.Rxd7 Rfc2+ 35.Kd1 Rcb2 36.Kc1 Rc2+
37.Kd1 Rcb2  1/2-1/2

[Event "Wch U16 Girls"]
[Site "Guarapuava"]
[Date "1995.??.??"]
[Round "6"]
[White "Sheldon, Ruth"]
[Black "Aatrhi, Ramaswamy"]
[Result "0-1"]
[WhiteElo "2185"]
[BlackElo "2040"]

1.d4 Nf6 2.c4 g6 3.Nc3 Bg7 4.e4 d6 5.Be2 O-O 6.Nf3 e5 7.d5 Nh5 8.g3 f5 9.exf5 gxf5
10.Nxe5 Nxg3 11.hxg3 dxe5 12.Be3 Nd7 13.Qd2 Nf6 14.O-O-O Bd7 15.Bg5 Be8 16.Kb1 Bg6
17.Bd3 Qd7 18.Bc2 Rad8 19.Rhe1 Rfe8 20.Ba4 c6 21.Ka1 Qc7 22.f4 e4 23.Ne2 a6
24.d6 Qb6 25.Nc3 Qa7 26.Bb3 Kh8 27.Qh2 b5 28.Qh4 Rf8 29.cxb5 axb5 30.Qh1 Ra8
31.Qg1 Qa6 32.Qc5 Nd7 33.Qe3 c5 34.Nd5 c4 35.Nc7 Qa3 36.Rd4 Qxb3 37.Qxb3 cxb3
38.Nxa8 Bxd4 39.Rd1 Rxa8 40.Rxd4 Rxa2+ 41.Kb1 Bf7 42.Be7 Bc4 43.Kc1 e3  0-1

[Event "Wch U18 Girls"]
[Site "Guarapuava"]
[Date "1995.??.??"]
[Round "6"]
[White "Lomineishvili, Maia"]
[Black "Apkhaidze, Natia"]
[Result "1/2-1/2"]
[WhiteElo "2295"]
[BlackElo "2090"]

1.d4 Nf6 2.c4 g6 3.Nc3 Bg7 4.e4 d6 5.Be2 O-O 6.Nf3 e5 7.d5 a5 8.h3 Na6 9.Bg5 Re8
10.g4 Nc5 11.Nd2 Bd7 12.b3 h6 13.Be3 Nh7 14.Rg1 Kh8 15.a3 f5 16.f3 Qe7 17.b4 axb4
18.axb4 Rxa1 19.Qxa1 Na6 20.Qb1 fxg4 21.hxg4 Ng5 22.Rh1 Kh7 23.Nd1 Bf6 24.Nf2 Nf7
25.Nh3 Bh4+ 26.Kd1 Ng5 27.c5 Nxh3 28.Rxh3 Bg5 29.Bxg5 Qxg5 30.cxd6 cxd6 31.Nc4 Ba4+
32.Ke1 Rd8 33.Nb6 Be8 34.Qc2 Qe3 35.Nc4 Qf4 36.Nb6 Qe3 37.Nc4 Qf4 38.Nb6 Qe3  1/2-1/2

[Event "Wch U18"]
[Site "Guarapuava"]
[Date "1995.??.??"]
[Round "6"]
[White "Kempinski, Robert"]
[Black "Chuprov, A."]
[Result "1-0"]
[WhiteElo "2455"]
[BlackElo "2420"]

1.d4 Nf6 2.Nf3 d6 3.c4 g6 4.Nc3 Bg7 5.e4 O-O 6.Be2 e5 7.d5 a5 8.h3 Nh5 9.g3 Na6
10.Bg5 Qe8 11.Nh2 Nf6 12.Ng4 Nxg4 13.hxg4 f5 14.f3 Qf7 15.gxf5 gxf5 16.Qd2 fxe4
17.Nxe4 Bf5 18.O-O-O Bxe4 19.fxe4 Nc5 20.Rh4 a4 21.Rf1 Qxf1+ 22.Bxf1 Rxf1+
23.Kc2 a3 24.b3 Raf8 25.Be3 R8f3 26.Qe2 h5 27.Rh1 Rxh1 28.Qxf3 Rh2+ 29.Kc3 Nd7
30.Qf5 Nf8 31.Bd2 c5 32.dxc6 bxc6 33.b4 d5 34.cxd5 cxd5 35.b5 Rg2 36.b6 Rxg3+
37.Kc2  1-0

[Event "Wch U18"]
[Site "Guarapuava"]
[Date "1995.??.??"]
[Round "8"]
[White "Stojanovic, Mihajlo"]
[Black "Dumitrescu, Dragos"]
[Result "1/2-1/2"]
[WhiteElo "2390"]
[BlackElo "2375"]

1.d4 Nf6 2.c4 g6 3.Nc3 Bg7 4.e4 d6 5.Nf3 O-O 6.Be2 e5 7.Be3 h6 8.O-O Ng4
9.Bc1 Nc6 10.d5 Ne7 11.Ne1 f5 12.Bxg4 fxg4 13.b4 g5 14.Nc2 Ng6 15.Ne3 Rf4
16.f3 gxf3 17.Rxf3  1/2-1/2

[Event "Wch U18"]
[Site "Guarapuava"]
[Date "1995.??.??"]
[Round "8"]
[White "Valenzuela, Luis"]
[Black "Sutovskij, Emil"]
[Result "0-1"]
[WhiteElo "2340"]
[BlackElo "2545"]

1.d4 Nf6 2.c4 g6 3.Nc3 Bg7 4.e4 d6 5.Nf3 O-O 6.Be2 Nbd7 7.O-O e5 8.Qc2 c6
9.Rd1 Qe7 10.d5 c5 11.a3 Ng4 12.Ng5 Nb8 13.b4 Na6 14.Rb1 b6 15.g3 Nh6 16.Be3 f5
17.Ne6 Bxe6 18.Bxh6 Bd7 19.Bd2 f4 20.f3 h5 21.Nb5 g5 22.Rf1 Bh3 23.Rf2 Rf7
24.Qa4 g4 25.fxg4 fxg3 26.hxg3 Rxf2 27.Kxf2 Rf8+ 28.Kg1 Qf6 29.Be3 Bh6 30.g5 Bxg5
31.Qb3 Qg6 32.Qd3 h4 33.Bxg5 Qxg5 34.Nxd6 hxg3 35.Nf5 Bxf5 36.exf5 Qh4 37.Kg2 Qh2+
38.Kf3 g2 39.Qe3 Rxf5+ 40.Ke4 Rf4+ 41.Kd3 Qh7+  0-1

[Event "Wch U16"]
[Site "Guarapuava"]
[Date "1995.??.??"]
[Round "9"]
[White "Kerek, Csaba"]
[Black "Blehm, Pawel"]
[Result "1-0"]
[WhiteElo "2100"]
[BlackElo "2340"]

1.d4 Nf6 2.c4 g6 3.Nc3 Bg7 4.e4 d6 5.Nf3 O-O 6.Be2 e5 7.d5 a5 8.Bg5 h6 9.Bh4 Na6
10.O-O h5 11.Nd2 Bh6 12.f3 Bd7 13.Rb1 Nc5 14.b3 Kg7 15.a3 Qe8 16.Qc2 Nh7
17.Bf2 Qe7 18.Kh1 f5 19.b4 axb4 20.axb4 Na4 21.Nb5 c6 22.Nc7 Rac8 23.Ne6+ Bxe6
24.dxe6 Qxe6 25.c5 fxe4 26.fxe4 Nf6 27.Nf3 Nxe4 28.Qxe4 Nc3 29.Qd3 Nxb1 30.cxd6 e4
31.Qd4+ Kh7 32.Bc4 Qf5 33.Nh4 Qf6 34.Rxb1 Qxf2 35.Qxe4 Qf6 36.Bd3 Rg8 37.Rf1 Qxd6
38.Rf7+ Rg7 39.Nf5  1-0

[Event "Wch U18"]
[Site "Guarapuava"]
[Date "1995.??.??"]
[Round "10"]
[White "Valenzuela, Luis"]
[Black "Dumitrescu, Dragos"]
[Result "1-0"]
[WhiteElo "2340"]
[BlackElo "2375"]

1.d4 Nf6 2.c4 g6 3.Nc3 Bg7 4.e4 d6 5.Nf3 O-O 6.Be2 e5 7.d5 a5 8.Bg5 h6 9.Bh4 Na6
10.Nd2 h5 11.O-O Bh6 12.f3 Be3+ 13.Kh1 g5 14.Bf2 Bxf2 15.Rxf2 h4 16.Nf1 Nc5
17.g3 hxg3 18.hxg3 Kg7 19.g4 Rh8+ 20.Kg1 Rh3 21.Qd2 Kg6 22.Rh2 Qh8 23.Kg2 Rxh2+
24.Nxh2 Bd7 25.Rh1 Qg7 26.Nf1 Rh8 27.Rxh8 Qxh8 28.Ng3 Qh4 29.Qd1 Ne8 30.b3 Kf6
31.a3 Na6 32.b4 axb4 33.axb4 Qh8 34.c5 Nb8 35.Qa1 Ng7 36.Qa8 Qc8 37.Bb5 Na6
38.Qxc8 Bxc8 39.Bxa6 bxa6 40.c6 Ke7 41.Kf2 Ne8 42.Nh5 Nf6 43.Nxf6 Kxf6 44.Na4 Ke7
45.Nb2 Ke8 46.Nc4 Ke7 47.Ke2 Ke8 48.Kd2 Ke7 49.Na5 Ke8 50.Nb7 Ke7 51.Kc3 Ke8
52.Kb3 Ke7 53.Ka4 Ke8 54.Na5 Ke7 55.Nc4 f6 56.Ne3 Ke8 57.Nd1 Ke7 58.Nc3 Kd8
59.Ka5 Ke7 60.b5 axb5 61.Nxb5 Kd8 62.Na7 f5 63.gxf5 Bxf5 64.exf5 e4 65.fxe4  1-0

[Event "Wch U18"]
[Site "Guarapuava"]
[Date "1995.??.??"]
[Round "11"]
[White "Vescovi, Giovanni"]
[Black "Manhardt, Thomas"]
[Result "1-0"]
[WhiteElo "2465"]
[BlackElo "2070"]

1.d4 Nf6 2.c4 g6 3.Nc3 Bg7 4.e4 O-O 5.Nf3 d6 6.Be2 e5 7.d5 Nbd7 8.Bg5 h6
9.Bh4 g5 10.Bg3 Nh5 11.h4 g4 12.Nh2 Nxg3 13.fxg3 h5 14.O-O f5 15.exf5 Nc5
16.b4 e4 17.Rc1 Na6 18.f6 Rxf6 19.Nxe4 Rxf1+ 20.Nxf1 Nxb4 21.Qd2 Qe7 22.Ng5 Bd7
23.Qxb4 Qxe2 24.Qb1 Re8 25.Qg6 Re7 26.Rc2  1-0

[Event "Wch U18"]
[Site "Guarapuava"]
[Date "1995.??.??"]
[Round "11"]
[White "Stojanovic, Mihajlo"]
[Black "Kempinski, Robert"]
[Result "1/2-1/2"]
[WhiteElo "2390"]
[BlackElo "2455"]

1.d4 Nf6 2.c4 g6 3.Nc3 Bg7 4.e4 d6 5.Nf3 O-O 6.Be2 Na6 7.O-O e5 8.Be3 Ng4
9.Bg5 Qe8 10.dxe5 h6 11.Bd2 Nxe5 12.Nd4 h5 13.Ndb5 Bg4 14.f3 Be6 15.Nd5 Qd7
16.Nd4 c6 17.Nxe6 fxe6 18.Nc3 c5 19.Qe1 Nc6 20.Qg3 Kh7 21.Rad1 Nd4 22.Bd3 Nb4
23.Bb1 e5 24.h3 Nbc6 25.Kh1 Rf7 26.Nd5 Ne2 27.Qe1 Ncd4 28.Rf2 Nf4 29.Nxf4 exf4
30.Bc3 Qe6 31.Qf1 a5 32.Rfd2 Be5 33.Bc2 Kh6 34.Bxd4 Bxd4 35.Bd3 Qe5 36.Be2 a4
37.Rb1 Ra6 38.b4 axb3 39.Rxb3 Qg5 40.Bd1 b6 41.Rbd3 Rfa7  1/2-1/2

[Event "Hafnarfjordur op"]
[Site "Hafnarfjordur"]
[Date "1995.??.??"]
[Round "4"]
[White "Edvardsson, Kristjan"]
[Black "Bjornsson, Sigurbjorn"]
[Result "1/2-1/2"]
[WhiteElo "2115"]
[BlackElo "2210"]

1.d4 Nf6 2.c4 g6 3.Nc3 Bg7 4.e4 d6 5.Be2 O-O 6.Nf3 e5 7.d5 Na6 8.Bg5 h6 9.Bh4 Qe8
10.Nd2 c6 11.O-O cxd5 12.cxd5 Bd7 13.Nc4 Qb8 14.a4 Nc5 15.f3 Nxa4 16.Nxa4 b5
17.Nxe5 dxe5 18.Nc5 Qd6 19.Bf2 a5 20.Qd2 a4 21.Nxd7 Qxd7 22.Rfc1 Rfb8 23.Rc6 Ne8
24.Bc5 Rb7 25.Rc1 Rab8 26.Qb4 Bf6 27.Qa5 Qd8 28.Qb4 Qd7 29.b3 Bg5 30.Ra1 axb3
31.Qxb3 Be7 32.Bxe7 Qxe7 33.Ra5 Nd6 34.Qb4 Rd7 35.Rc5 Rdb7 36.Rc6 Rd7 37.g3 h5
38.Kg2 Kg7 39.Raa6 Rbd8 40.Rab6 Kg8 41.Bxb5 Nxb5 42.Qxe7 Rxe7 43.Rxb5 Kg7
44.Rb2 Rdd7 45.h4 Re8 46.Kf2 Ree7 47.Rbc2 Ra7 48.Rd2 Rad7 49.Re2 Rd8 50.f4 f6
51.Kf3 Rdd7 52.fxe5 Rxe5 53.Rb2 f5 54.Rbb6 fxe4+ 55.Ke3 Rexd5 56.Rxg6+ Kf7
57.Rbf6+ Ke7 58.Re6+ Kf7 59.Rgf6+ Kg7 60.Rg6+ Kf7 61.Ref6+ Ke7 62.Kxe4 Rd3
63.Re6+ Kf7 64.Ref6+ Ke7 65.Kf4 R7d4+ 66.Ke5  1/2-1/2

[Event "Hajduboszormeny Knockout"]
[Site "Hajduboszormeny"]
[Date "1995.??.??"]
[Round "5"]
[White "Krutti, Valer"]
[Black "Meszaros, Andras"]
[Result "1/2-1/2"]
[WhiteElo "2355"]
[BlackElo "2355"]

1.Nf3 Nf6 2.c4 g6 3.Nc3 Bg7 4.e4 d6 5.d4 O-O 6.Be2 e5 7.d5 a5 8.Bg5 h6 9.Bh4 Na6
10.Nd2 Bd7 11.O-O Nc5 12.Qc2 a4  1/2-1/2

[Event "Wch U20"]
[Site "Halle"]
[Date "1995.??.??"]
[Round "1"]
[White "Hellsten, Johan"]
[Black "Cukier, Marcelo"]
[Result "1-0"]
[WhiteElo "2430"]
[BlackElo "2150"]

1.d4 d6 2.c4 e5 3.Nf3 Nd7 4.Nc3 g6 5.e4 Bg7 6.Be2 Ngf6 7.O-O O-O 8.Re1 c6
9.Bf1 exd4 10.Nxd4 Re8 11.Nc2 Nc5 12.f3 a5 13.Be3 a4 14.Qd2 Nfd7 15.Rab1 Qa5
16.Qxd6 Ne6 17.Qd2 Rd8 18.Qf2 Qc7 19.Ne2 b6 20.Ned4 Ndc5 21.Nxe6 Bxe6 22.Nd4 Be5
23.f4 Rxd4 24.Bxd4 Bxf4 25.e5 Bg5 26.b4 Nd7 27.Bc3 Re8 28.Qg3 Bh6 29.Rbd1 Bg7
30.Bd3 b5 31.cxb5 cxb5 32.Bd4 Qb8 33.Re2 Bd5 34.Rde1 Nf8 35.Bc5 Nd7 36.Bd6 Qb6+
37.Qe3 Qb7 38.Qf2 Re6 39.Kh1 Bc6 40.Qg3 Nb6 41.Rc2 Nd5 42.Rec1 Rxd6 43.exd6 Nxb4
44.Rxc6  1-0

[Event "Wch U20 Girls"]
[Site "Halle"]
[Date "1995.??.??"]
[Round "3"]
[White "Maggiolo, Sonia"]
[Black "Khegai, Angela"]
[Result "0-1"]
[WhiteElo "2070"]
[BlackElo "2025"]

1.d4 Nf6 2.Nf3 g6 3.c4 Bg7 4.Nc3 O-O 5.e4 d6 6.Be2 e5 7.d5 Nbd7 8.Bg5 h6
9.Bh4 a5 10.Nd2 Nc5 11.O-O c6 12.Kh1 Qc7 13.b3 Nh7 14.a3 f5 15.exf5 gxf5
16.f4 exf4 17.Qc2 Ng5 18.Rae1 Be5 19.Nf3 Bf6 20.Bf2 Bxc3 21.Qxc3 Nge4 22.Qc2 Nxf2+
23.Rxf2 Qb6 24.Rff1 Qxb3 25.Qxb3 Nxb3 26.dxc6 bxc6 27.Nh4 Ba6 28.Rxf4 Rae8
29.Kg1 Re4 30.Ng6 Rfe8 31.Rxe4 Rxe4 32.Kf2 Kg7 33.Bh5 Bxc4 34.Ne7 Rxe1 35.Kxe1 Nd4
36.Kd2 Be6 37.Kd3 c5 38.Ng6 Bf7 39.Nf4 Ne6 40.Nxe6+ Bxe6  0-1

[Event "Wch U20"]
[Site "Halle"]
[Date "1995.??.??"]
[Round "3"]
[White "Georgiev, Vladimir"]
[Black "Krstevski, Sasko"]
[Result "1-0"]
[WhiteElo "2440"]
[BlackElo "2220"]

1.d4 Nf6 2.c4 g6 3.Nc3 Bg7 4.e4 d6 5.Nf3 O-O 6.Be2 e5 7.d5 a5 8.h3 Na6 9.Bg5 h6
10.Be3 Nc5 11.Nd2 Ne8 12.h4 f5 13.h5 g5 14.exf5 Bxf5 15.Bxc5 dxc5 16.Nde4 b6
17.Bd3 Qd7 18.Qc2 Nd6 19.O-O-O Bxe4 20.Bxe4 Qf7 21.f3 Kh8 22.Qe2 Rad8 23.Kb1 Bf6
24.Rhf1 Qg7 25.Rde1 Rde8 26.Bg6 Re7 27.Ne4 Rd7 28.Qc2 Rdd8 29.Qc3 Nxe4 30.Rxe4 Rd6
31.Rfe1 Rd7 32.a3 Qe7 33.g3 Qd6 34.Qc2 Re7 35.Qe2 Rg7 36.Qd2 Re7 37.R1e2 Rg7
38.Qe1 Bd8 39.Rxe5 Rxf3 40.Re6  1-0

[Event "Wch U20 Girls"]
[Site "Halle"]
[Date "1995.??.??"]
[Round "5"]
[White "Bobrowska, Monika"]
[Black "Hagarova, Zuzana"]
[Result "1-0"]
[WhiteElo "2310"]
[BlackElo "2215"]

1.d4 Nf6 2.Nf3 g6 3.c4 Bg7 4.Nc3 O-O 5.e4 d6 6.Be2 e5 7.d5 a5 8.Bg5 h6 9.Bh4 Qe8
10.Nd2 Na6 11.a3 Bd7 12.b3 Nh7 13.O-O h5 14.f3 Bh6 15.Rb1 Be3+ 16.Kh1 Bc5
17.Qc1 c6 18.Bf2 Bxf2 19.Rxf2 Qd8 20.Nf1 Nc5 21.b4 axb4 22.axb4 Na4 23.Nxa4 Rxa4
24.dxc6 Bxc6 25.Ne3 Ra2 26.Ra1 Rxa1 27.Qxa1 Qg5 28.Qc3 Nf6 29.Rf1 h4 30.b5 Bd7
31.Rd1 Rc8 32.Qa3 Be6 33.Rxd6 Nh5 34.Qc3 Nf4 35.Bf1 Ra8 36.c5 Kg7 37.c6 bxc6
38.b6 Rb8 39.Rxc6 Bd7 40.Rd6 Be6 41.Rc6 Rb7 42.Ba6 Rd7 43.Qc1 h3 44.g3 Ng2
45.Nd5 Qh5 46.g4 Bxg4 47.fxg4 Qxg4 48.Qc2 Nf4 49.Rc3 Nxd5 50.Rg3 Qf4 51.exd5 Rxd5
52.Bd3 Ra5 53.Rxh3 Ra1+ 54.Kg2 Qd4 55.Qf2 Qg4+ 56.Rg3 Qd1 57.Bc4 Qd7 58.Qe3 Ra5
59.Qe4 Qd6 60.b7 Rc5 61.Rf3 f5 62.Qd3 Qc7 63.b8=Q Qxb8 64.Qd7+ Kf6 65.Qf7+  1-0

[Event "Wch U20"]
[Site "Halle"]
[Date "1995.??.??"]
[Round "5"]
[White "Naumann, Alexander"]
[Black "Istratescu, Andrei"]
[Result "1/2-1/2"]
[WhiteElo "2360"]
[BlackElo "2505"]

1.d4 Nf6 2.c4 g6 3.Nc3 Bg7 4.e4 O-O 5.Nf3 d6 6.Be2 e5 7.dxe5 dxe5 8.Qxd8 Rxd8
9.Nd5 Rd7 10.Nxe5 Nxd5 11.Nxd7 Nb4 12.Nxb8 Nc2+ 13.Kd1 Nxa1 14.Bf4 Bxb2 15.Bxc7 a5
16.Kd2 a4 17.f4 f6 18.g4 a3 19.f5 Nb3+ 20.Ke3 Nc1 21.Rd1 Nxa2 22.Rd8+ Kg7
23.c5 Ra4 24.Bd1 Nc1 25.Bd6 a2 26.Rxc8 a1=Q 27.Rc7+ Kg8 28.Rc8+ Kg7 29.Rc7+ Kh6
30.g5+ fxg5 31.Bf8+ Bg7 32.Bxg7+ Qxg7 33.Rxg7 Ra3+ 34.Kd2 Kxg7 35.Kxc1 gxf5
36.exf5 Rd3 37.Ba4 Rd4 38.Bd7 Rc4+ 39.Kd2 Rxc5 40.Be6 Ra5 41.Nd7 Ra8 42.f6+ Kg6
43.f7 Kg7 44.Ke3 Rd8 45.Kf3 Rxd7 46.Bxd7 Kxf7  1/2-1/2

[Event "Wch U20"]
[Site "Halle"]
[Date "1995.??.??"]
[Round "5"]
[White "Pedro, Aderito"]
[Black "Riegler, Primoz"]
[Result "1-0"]
[WhiteElo "2195"]
[BlackElo "2285"]

1.d4 Nf6 2.Nf3 g6 3.c4 Bg7 4.Nc3 O-O 5.e4 d6 6.Be2 e5 7.Be3 Ng4 8.Bg5 f6
9.Bh4 Nc6 10.d5 Ne7 11.Nd2 Nh6 12.b4 g5 13.Bg3 Ng6 14.c5 f5 15.f3 g4 16.fxg4 Nxg4
17.Nc4 Nf4 18.Bxg4 fxg4 19.O-O h5 20.Qe1 Bf6 21.Rd1 Bg5 22.Bf2 b6 23.c6 g3
24.hxg3 Ng6 25.Be3 Rxf1+ 26.Kxf1 a6 27.Qd2 Bxe3 28.Qxe3 Kg7 29.Kg1 Qe7 30.Rf1 Bg4
31.Qd2 Rf8 32.Rxf8 Qxf8 33.b5 Qa8 34.Ne3 Bc8 35.Nf5+ Kf6 36.Qh6 axb5 37.Qg7+  1-0

[Event "Wch U20 Girls"]
[Site "Halle"]
[Date "1995.??.??"]
[Round "6"]
[White "Sheldon, Ruth"]
[Black "Hagarova, Zuzana"]
[Result "1-0"]
[WhiteElo "2185"]
[BlackElo "2215"]

1.d4 Nf6 2.c4 g6 3.Nc3 Bg7 4.e4 d6 5.Be2 O-O 6.Nf3 e5 7.d5 a5 8.Be3 Ng4 9.Bg5 f6
10.Bh4 Qe8 11.Nd2 Nh6 12.O-O Na6 13.a3 Bd7 14.b3 Nf7 15.Rb1 f5 16.f3 Nc5
17.Qc2 f4 18.Bf2 h5 19.b4 axb4 20.axb4 Na6 21.c5 g5 22.c6 Bc8 23.Qb2 bxc6
24.dxc6 g4 25.Ra1 g3 26.hxg3 fxg3 27.Bxg3 Qd8 28.Nc4 Qg5 29.Be1 Rb8 30.Bd2 Qg3
31.Be1 Qg5 32.Bd2 Qg3 33.Nd5 Bh3 34.Rf2 Nc5 35.Nce3 Ng5 36.Nf1 Nxf3+ 37.Bxf3 Qxf2+
38.Kxf2 Nd3+ 39.Ke2 Nxb2 40.gxh3 Nc4 41.Bg5 Ra8 42.Rxa8 Rxa8 43.Bxh5 Ra6
44.Nfe3 Ra2+ 45.Kd3 Na3 46.Nxc7  1-0